Adult education / (Record no. 27073)

MARC details
000 -LEADER
fixed length control field 00888nam a22002417a 4500
005 - DATE AND TIME OF LATEST TRANSACTION
control field 20090601113618.0
008 - FIXED-LENGTH DATA ELEMENTS--GENERAL INFORMATION
fixed length control field 080926t xxu||||| |||| 00| 0 eng d
010 ## - LCCN (DPL NO)
LC control number ENG-93801
020 ## - INTERNATIONAL STANDARD BOOK NUMBER
International Standard Book Number 9788131305331
Terms of availability 695.00
035 ## - SYSTEM CONTROL NUMBER
System control number EN-77334
037 ## - SOURCE OF ACQUISITION
Source of stock number/acquisition DBAD / PUB
040 ## - CATALOGING SOURCE
Original cataloging agency dpl
Language of cataloging English
082 ## - DEWEY DECIMAL CLASSIFICATION NUMBER
Classification number 374
100 ## - MAIN ENTRY--PERSONAL NAME
Personal name Bhaskaracharyulu, Yerroju
245 ## - TITLE STATEMENT
Title Adult education /
Statement of responsibility, etc by Yerroju Bhaskaracharyulu
260 ## - PUBLICATION, DISTRIBUTION, ETC. (IMPRINT)
Place of publication, distribution, etc New Delhi
Name of publisher, distributor, etc APH Publishing Corporation
Date of publication, distribution, etc 2009
270 ## - ADDRESS
Address 4435-36/7, Ansari Road, Daryaganj,
City New Delhi
Postal code 110002
300 ## - PHYSICAL DESCRIPTION
Extent xvi, 288p.
Dimensions 22cm(Hb)
650 ## - SUBJECT ADDED ENTRY--TOPICAL TERM
Topical term or geographic name as entry element Adult education
942 ## - ADDED ENTRY ELEMENTS (KOHA)
Source of classification or shelving scheme Dewey Decimal Classification
Item type English Books
Call number suffix BHA
Classification part 374
Holdings
Withdrawn status Lost status Source of classification or shelving scheme Damaged status Not for loan Collection code Home library Current library Date acquired Source of acquisition Cost, normal purchase price Total Checkouts Full call number Barcode Date last seen Copy number Cost, replacement price Koha item type
    Dewey Decimal Classification   Not For Loan Non-fiction D.B.Act.Division D.B.Act.Division 01/06/2009 DBAD / PUB 695.00   374 BHA EN-77334 01/06/2009 1 695.00 English Books

© Delhi Public Library
Hit Counter
free hit counter